MI JELENT STRESSZT EGY KISVÁROSI SZAKKÖZÉPISKOLÁBAN, ILLETVE SZAKISKOLÁBAN TANÍTÓ PEDAGÓGUSNAK?

Bibliográfiai részletek
Szerző: Szegedi Márta
További közreműködők: Gombás Dr. Judit
Dokumentumtípus: Diplomadolgozat
Kulcsszavak:stressz
pedagógus
kiégés
krónikus fáradtság szindróma
vidéki szakiskola
Online Access:http://dolgozattar.uni-bge.hu/2775

MARC

LEADER 00000nta a2200000 i 4500
001 dolg2775
005 20160302132649.0
008 150511suuuu hu om 000 hun d
040 |a BGE Dolgozattár Repozitórium  |b hun 
041 |a hu 
100 1 |a Szegedi Márta 
245 1 0 |a MI JELENT STRESSZT EGY KISVÁROSI SZAKKÖZÉPISKOLÁBAN, ILLETVE SZAKISKOLÁBAN TANÍTÓ PEDAGÓGUSNAK?  |c Szegedi Márta  |h [elektronikus dokumentum] 
695 |a stressz 
695 |a pedagógus 
695 |a kiégés 
695 |a krónikus fáradtság szindróma 
695 |a vidéki szakiskola 
700 1 |a Gombás Dr. Judit  |e ths 
856 4 0 |u http://dolgozattar.uni-bge.hu/2775/1/Szegedi%20M%C3%A1rta-%20MA%20TV%20szakdolgozat%202015.05.11..pdf  |z Dokumentum-elérés